|
|
|
|
| LEADER |
00000nab a2200000uu 4500 |
| 001 |
vtls011451358 |
| 003 |
SK-MaSNL |
| 005 |
20260303153935.0 |
| 008 |
230222|2009 xo |||||||||||||||||eng| |
| 015 |
|
|
|a SNBRB
|
| 035 |
|
|
|a (urnnbn)urn:nbn:sk:snk:ar-006l6y
|
| 035 |
|
|
|a (uuid)cfe80392-56fc-4b54-bc2c-0b400fc03ca9
|
| 035 |
|
|
|a urn:nbn:sk:snk-abcnc5
|
| 040 |
|
|
|a SNKBUCL
|b slo
|c SNKBUCL
|e AACR2
|
| 041 |
0 |
|
|a eng
|
| 044 |
|
|
|a xo
|c SK
|
| 100 |
1 |
|
|a R. N. Rath
|4 aut
|9 1170706
|
| 245 |
1 |
0 |
|a NON-OSCILLATORY CRITERIA FOR A CLASS OF SECOND ORDER NON-LINEAR FORCED NEUTRAL-DELAY DIFFERENTIAL EQUATIONS
|c R. N. Rath, N. Misra, P. P. Mishra
|
| 700 |
1 |
|
|a Misra, N.
|4 aut
|9 1176152
|
| 700 |
1 |
|
|a P. P. MISHRA
|4 aut
|9 1176316
|
| 773 |
0 |
|
|t Mathematica Slovaca
|g Roč. 59, č. 4 (2009), s. [471]-484
|
| 958 |
|
|
|a OND
|
| 958 |
|
|
|a EUIPO
|
| 958 |
|
|
|a article16
|
| 999 |
|
|
|c 2030913
|d 2032843
|